01044 2200217 4500001002100000005001500021035002000036001002100056005001500077035002000092245008200112100002100194250001700215300002900232260004100261082000800302084001400310020002200324650001000346520047000356INLIS00000000000016320240510051721 a0010-0524000085INLIS00000000000016020240510120524 a0010-05240000821 aEnsiklopedi Eksperimen Sains Lengkap :bCahaya dan Magnet /cTim Listafariska0 aTim Listafariska acetakan ke-1 a128 hlm :bilus ;c25 cm aJakarta :bListafariska Putra,c2006 a503 a503 TIM e a978-979-123-506-6 4aSains aEnsiklopedi percobaan ini memuat secara lengkap semua percobaan-percobaan Sains tingkat dasar. Diharapkan Ensiklopedi ini menjadi pembimbing utama di laboratorium-laboratorium di sekolah-sekolah tingkat dasar dan menjadi pemicu bagi bangkitnya dunia sains di Indonesia. Ensiklopedi pemula ini diharapkan menjadi buku pemula bagi para saintis dan merangsang semangat belajar bagi anak-anak karena dihiasi dengan ilustrasi yang penuh warna dan memikat buat anak-anak.